00850 2200289 4500001002100000005001500021035002000036110001500056245012000071260004100191300002400232650002200256650003000278651001400308710003400322006001800356007000300374008004100377040003500418082001600453084001800469090002000487100001500507850001200522041000800534990001800542INLIS00000000084303620181210104014 a0010-12180000831 aIndonesia.1 aTambahan Berita Negara Republik Indonesia :bperaturan-peraturan daerah dan lain2 penetapan dewan daerah tahun 1962 aJakarta :bSekretariat Negara,c1956 a89 halaman ;c21 cm 4aMajalah Indonesia 4aDewan daerah--xPeraturan 4aIndonesia aIndonesia. Sekretariat Negaraa g l f000 0ta181210 g 0 ind  aJKPNPNAbindcYOPDYOGdYOPDYOG04223a348.598 a348.598 IND t aL 348.598 IND t1 aIndonesia. aYOPDYOG0 aind a37087-PD/A.08